=LDR 00000nam 2200000 4500 =001 INLIS000000000061023 =005 20220602102122 =035 ##$$a 0010-0622000013 =007 ta =008 220602###########################0#ind## =020 ##$$a 978-607-07-7539-0 =082 ##$$a 364.132 3 =084 ##$$a 364.132 3 Cri s =100 #$$a Cris Kuntadi =245 1#$$a Sikencur (Sistem Kendali Kacurangan ) : $b Menata Birokrasi Bebas Korupsi /$c Cris Kuntadi =260 ##$$a Jakarta :$b Elex Media Kompuntindo,$c 2016 =300 ##$$a xxviii,187 hlm. : $b Ilus. ; $c 21 Cm. =650 #4$$a Korupsi (Dalam Politik) =990 ##$$a 20512051